Top Scorers in Premier League History - Statistics

General Stats
  • This quiz has been taken 45 times
  • The average score is 15 of 25
Answer Stats
Goals Player Clubs % Correct
260 Alan Shearer Blackburn Rovers | Newcastle
100%
213 Harry Kane Tottenham Hotspur
97%
208 Wayne Rooney Everton | Manchester United
94%
184 Sergio Aguero Manchester City
91%
175 Thierry Henry Arsenal
88%
138 Jamie Vardy Leicester City
78%
177 Frank Lampard West Ham | Chelsea | Manchester City
72%
161 Mohamed Salah Chelsea | Liverpool
69%
144 Robin Van Persie Arsenal | Manchester United
69%
187 Andy Cole Newcastle | Manchester United | Blackburn Rovers | Fulham | Manchester City | Portsmouth
66%
122 Heung-Min Son Tottenham Hotspur
59%
163 Jermain Defoe West Ham | Tottenham Hotspur | Portsmouth | Sunderland | Bournemouth
59%
150 Michael Owen Liverpool | Newcastle | Manchester United | Stoke
59%
123 Raheem Sterling Liverpool | Manchester City | Arsenal
59%
121 Steven Gerrard Liverpool
59%
111 Sadio Mane Southampton | Liverpool
56%
125 Nicolas Anelka Arsenal | Liverpool | Manchester City | Bolton | Chelsea | West Brom
50%
162 Robbie Fowler Liverpool | Leeds | Manchester City
47%
127 Jimmy Floyd Hasselbaink Leeds | Chelsea | Middlesbrough | Charlton
41%
146 Teddy Sheringham Nottingham Forest | Tottenham Hotspur | Manchester United | Portsmouth | West Ham
41%
125 Robbie Keane Coventry | Leeds | Tottenham Hotspur | Liverpool | West Ham | Aston Villa
34%
123 Dwight Yorke Aston Villa | Manchester United | Blackburn Rovers | Bolton | Sunderland
31%
121 Romelu Lukaku West Brom | Everton | Manchester United | Chelsea
31%
149 Les Ferdinand Queens Park Rangers | Newcastle | Tottenham Hotspur | West Ham | Leicester City | Bolton
28%
113 Ian Wright Arsenal | West Ham
25%
No matching quizzes found
Score Distribution
Percent of People with Each Score
Percentile by Number Answered
Your Score History
You have not taken this quiz